Normal view
MARC view
- J. D. Robb:
Entry Personal Name
001 - CONTROL NUMBER
- control field: 28125
003 - CONTROL NUMBER IDENTIFIER
- control field: NUST
005 - DATE AND TIME OF LATEST TRANSACTION
- control field: 20200128140141.0
008 - FIXED-LENGTH DATA ELEMENTS
- fixed length control field: 200128|| aca||aabn | a|a d
040 ## - CATALOGING SOURCE
- Original cataloging agency: NUST
- Transcribing agency: NUST
100 ## - HEADING--PERSONAL NAME
- Personal name: J. D. Robb:
670 ## - SOURCE DATA FOUND
- Source citation: Work cat.: (NUST): J. D. Robb:, Visions in Death
